MARC details
| 000 -CABECERA |
| campo de control de longitud fija |
01147nam a2200325 a 4500 |
| 001 - NÚMERO DE CONTROL |
| campo de control |
000024535 |
| 003 - IDENTIFICADOR DEL NÚMERO DE CONTROL |
| campo de control |
OSt |
| 005 - FECHA Y HORA DE LA ÚLTIMA TRANSACCIÓN |
| campo de control |
20250710141410.0 |
| 008 - DATOS DE LONGITUD FIJA--INFORMACIÓN GENERAL |
| campo de control de longitud fija |
110830d1982 dr r 000 0 spa d |
| 040 ## - FUENTE DE LA CATALOGACIÓN |
| Centro catalogador/agencia de origen |
DO-SdBNP |
| Lengua de catalogación |
spa |
| Centro/agencia transcriptor |
BNPHU |
| 082 ## - NÚMERO DE LA CLASIFICACIÓN DECIMAL DEWEY |
| Número de clasificación |
510 |
| Número de documento/Ítem |
B142m, 1982 |
| 100 1# - ENTRADA PRINCIPAL--NOMBRE DE PERSONA |
| Nombre de persona |
Baéz de Erazo, Melba |
| 9 (RLIN) |
37061 |
| 245 10 - MENCIÓN DE TÍTULO |
| Título |
Matemática básica II / |
| Mención de responsabilidad, etc. |
Melba Baéz de Erazo, Reyita Taveras de Frías. |
| 250 ## - MENCIÓN DE EDICIÓN |
| Mención de edición |
4a. ed. corregida y aumentada |
| 260 ## - PUBLICACIÓN, DISTRIBUCIÓN, ETC. |
| Lugar de publicación, distribución, etc. |
Santo Domingo : |
| Nombre del editor, distribuidor, etc. |
UASD, |
| Fecha de publicación, distribución, etc. |
1982. |
| 300 ## - DESCRIPCIÓN FÍSICA |
| Extensión |
216 p. ; |
| Dimensiones |
22 cm. |
| 490 1# - MENCIÓN DE SERIE |
| Mención de serie |
Ciencia y tecnología ; |
| Designación de volumen o secuencia |
9 ; |
| 500 ## - NOTA GENERAL |
| Nota general |
Incluye datos biográficos de las autoras en la contraportada. |
| 504 ## - NOTA DE BIBLIOGRAFÍA, ETC. |
| Nota de bibliografía, etc. |
Bibliografía : p. 216 |
| 590 ## - NOTA LOCAL (RLIN) |
| Nota local |
Inventariado, 2020/ YL |
| 650 #0 - PUNTO DE ACCESO ADICIONAL DE MATERIA--TÉRMINO DE MATERIA |
| Término de materia o nombre geográfico como elemento de entrada |
Matemáticas |
| 9 (RLIN) |
1258 |
| 650 #4 - PUNTO DE ACCESO ADICIONAL DE MATERIA--TÉRMINO DE MATERIA |
| Término de materia o nombre geográfico como elemento de entrada |
Matemáticas |
| Subdivisión general |
Problemas, ejercícios, etc. |
| 9 (RLIN) |
19473 |
| 650 #4 - PUNTO DE ACCESO ADICIONAL DE MATERIA--TÉRMINO DE MATERIA |
| Término de materia o nombre geográfico como elemento de entrada |
Teoría de conjuntos |
| Subdivisión general |
Problemas, ejercicios, etc. |
| 9 (RLIN) |
19474 |
| 650 #4 - PUNTO DE ACCESO ADICIONAL DE MATERIA--TÉRMINO DE MATERIA |
| Término de materia o nombre geográfico como elemento de entrada |
Lógica |
| Subdivisión general |
Problemas, ejercicios, etc. |
| 9 (RLIN) |
36516 |
| 650 #4 - PUNTO DE ACCESO ADICIONAL DE MATERIA--TÉRMINO DE MATERIA |
| Término de materia o nombre geográfico como elemento de entrada |
Ecuaciones |
| Subdivisión general |
Problemas, ejercicio |
| 9 (RLIN) |
50280 |
| 700 12 - PUNTO DE ACCESO ADICIONAL--NOMBRE DE PERSONA |
| Nombre de persona |
Taveras de Fría, Rayita |
| 9 (RLIN) |
50281 |
| 830 #0 - PUNTO DE ACCESO ADICIONAL DE SERIE-TÍTULO UNIFORME |
| Título uniforme |
Ciencia y tecnología |
| Número de parte o sección de la obra |
9 |
| 9 (RLIN) |
50282 |
| 910 ## - DATOS DE OPCIÓN DEL USUARIO (OCLC) |
| Datos de opción del usuario |
En proceso |
| 942 ## - ELEMENTOS DE PUNTO DE ACCESO ADICIONAL (KOHA) |
| Fuente del sistema de clasificación o colocación |
Dewey Decimal Classification |
| Tipo de ítem Koha |
Libros y folletos |